LEADER 03503oam 2200685M 450 001 9910974840803321 005 20260303012228.0 010 $a0-429-92402-X 010 $a0-429-90979-9 010 $a0-429-48502-6 010 $a1-283-59186-3 010 $a9786613904317 010 $a1-78241-024-4 024 7 $a10.4324/9780429485022 035 $a(CKB)2560000000093095 035 $a(EBL)1017162 035 $a(OCoLC)811504074 035 $a(SSID)ssj0000739831 035 $a(PQKBManifestationID)12307203 035 $a(PQKBTitleCode)TC0000739831 035 $a(PQKBWorkID)10706645 035 $a(PQKB)11533742 035 $a(MiAaPQ)EBC1017162 035 $a(Au-PeEL)EBL1017162 035 $a(CaPaEBR)ebr10602500 035 $a(CaONFJC)MIL390431 035 $a(OCoLC)1029484357 035 $a(OCoLC-P)1029484357 035 $a(FlBoTFG)9780429485022 035 $a(EXLCZ)992560000000093095 100 $a20180323d2018 uy 0 101 0 $aeng 135 $aurcn||||||||| 181 $ctxt 182 $cc 183 $acr 200 10$aWhy I Hate You and You Hate Me $ethe Interplay of Envy, Greed, Jealousy and Narcissism in Everyday Life /$fJoseph H. Berke 205 $aFirst edition. 210 1$aLondon :$cTaylor and Francis,$d2018. 215 $a1 online resource (271 p.) 300 $aDescription based upon print version of record. 311 08$a0-367-32978-6 311 08$a1-78049-032-1 320 $aIncludes bibliographical references and index. 327 $aCOVER; CONTENTS; ACKNOWLEDGEMENTS; ABOUT THE AUTHOR; INTRODUCTION; CHAPTER ONE Witches, giants and scary parents; CHAPTER TWO It's not fair; CHAPTER THREE Defile, defame, and devour; CHAPTER FOUR On seeking the source; CHAPTER FIVE On attacking femininity: womb envy; CHAPTER SIX On attacking masculinity: penis greed; CHAPTER SEVEN Envy and narcissism; CHAPTER EIGHT Gratitude and grateitude; CHAPTER NINE On sulking; CHAPTER TEN The resolution of malice; REFERENCES; INDEX 330 2 $a"'Man' himself is the source of the dark forces against which he is constantly struggling. The book shows how is possible to transcend this basic malice by knowing how, what, why and when it arises. Envy, greed, jealousy and narcissism (the flip side of envy) are the essential components of the negative side of the self. Their positive counterparts are gratitude, generosity and compassion. Each element does not exist in isolation from the other. The interplay of these forces of hate and love create the underlying structure of our lives, which on a personal level is called "character" and on the social level is called "culture". When malice predominates the result is murder and mayhem, vandalism and war. This encompasses the blind butchery of our environment and fellow creatures which permeates so many areas of the world, such as Libya, Ireland, Congo, Cambodia, or central London during recent demonstrations. This study will focus on the negative or angry constituents of the personality."--Provided by publisher. 606 $aAggressiveness$xSocial aspects 606 $aEnvy$xSocial aspects 615 0$aAggressiveness$xSocial aspects. 615 0$aEnvy$xSocial aspects. 676 $a150.1952 676 $a808.02 686 $aCV 6500$2rvk 700 $aBerke$b Joseph H.$0890999 801 0$bOCoLC-P 801 1$bOCoLC-P 906 $aBOOK 912 $a9910974840803321 996 $aWhy I Hate You and You Hate Me$94547722 997 $aUNINA